000 00321nam a2200121Ia 4500
005 20251222143219.0
008 251222s9999||||xx |||||||||||||| ||spa||
082 _a150.985/A35
100 _aAlarcón, Reynaldo
245 0 _aHistoria de la psicología en el Perú:
264 _bUniversidad Ricardo Palma
942 _cLIB
999 _c13762
_d13762